<?xml version="1.0" encoding="UTF-8"?>
<record
    xmlns:xsi="http://www.w3.org/2001/XMLSchema-instance"
    xsi:schemaLocation="http://www.loc.gov/MARC21/slim http://www.loc.gov/standards/marcxml/schema/MARC21slim.xsd"
    xmlns="http://www.loc.gov/MARC21/slim">

  <leader>00708nam a22001337a 4500</leader>
  <datafield tag="040" ind1=" " ind2=" ">
    <subfield code="c">RUA</subfield>
  </datafield>
  <datafield tag="082" ind1=" " ind2=" ">
    <subfield code="a">ANS KLO 2018 B648 Or.1</subfield>
  </datafield>
  <datafield tag="100" ind1=" " ind2=" ">
    <subfield code="a">KLOT PUTREA  &#x1781;&#x17D2;&#x179B;&#x17BC;&#x178F; &#x1796;&#x17BB;&#x1791;&#x17D2;&#x179A;&#x17B6;</subfield>
  </datafield>
  <datafield tag="245" ind1=" " ind2=" ">
    <subfield code="a">effect of carv acrol supplementation to concentrated feed on growth performance of weaning piglets up to 25kg &#x17A5;&#x1791;&#x17D2;&#x1792;&#x17B7;&#x1796;&#x179B;&#x1793;&#x17C3;&#x1780;&#x17B6;&#x179A;&#x1794;&#x1793;&#x17D2;&#x1790;&#x17C2;&#x1798; carvacrol &#x1793;&#x17C5;&#x1780;&#x17D2;&#x1793;&#x17BB;&#x1784;&#x1785;&#x17C6;&#x178E;&#x17B8;&#x179F;&#x1798;&#x17D2;&#x179A;&#x17C1;&#x1785;&#x1791;&#x17C5;&#x179B;&#x17BE;&#x1780;&#x17B6;&#x179A;&#x179B;&#x17BC;&#x178F;&#x179B;&#x17B6;&#x179F;&#x17CB;&#x179A;&#x1794;&#x179F;&#x17CB;&#x1780;&#x17BC;&#x1793;&#x1787;&#x17D2;&#x179A;&#x17BC;&#x1780;&#x1795;&#x17D2;&#x178F;&#x17B6;&#x1785;&#x17CB;&#x178A;&#x17C4;&#x17C7;&#x179A;&#x17A0;&#x17BC;&#x178F;&#x1791;&#x17C6;&#x1784;&#x1793;&#x17CB; &#x17E2;&#x17E5;&#x1782;&#x17B8;&#x17A1;&#x17BC;&#x1780;&#x17D2;&#x179A;&#x17C4;&#x1798;</subfield>
  </datafield>
  <datafield tag="260" ind1=" " ind2=" ">
    <subfield code="a">RUA</subfield>
    <subfield code="b">PHNOM PENH</subfield>
    <subfield code="c">2018</subfield>
  </datafield>
  <datafield tag="300" ind1=" " ind2=" ">
    <subfield code="a">ix;44p</subfield>
    <subfield code="b">ill;</subfield>
    <subfield code="c">29cm</subfield>
  </datafield>
  <datafield tag="856" ind1=" " ind2=" ">
    <subfield code="u">KLOT PUTREA</subfield>
  </datafield>
  <datafield tag="942" ind1=" " ind2=" ">
    <subfield code="c">ANS</subfield>
  </datafield>
  <datafield tag="999" ind1=" " ind2=" ">
    <subfield code="c">18256</subfield>
    <subfield code="d">18256</subfield>
  </datafield>
  <datafield tag="952" ind1=" " ind2=" ">
    <subfield code="0">0</subfield>
    <subfield code="1">0</subfield>
    <subfield code="2">ddc</subfield>
    <subfield code="4">0</subfield>
    <subfield code="6">ANS_KLO_2018_000000000000000_B648_OR_1</subfield>
    <subfield code="7">0</subfield>
    <subfield code="9">81828</subfield>
    <subfield code="a">LBB</subfield>
    <subfield code="b">LBB</subfield>
    <subfield code="c">B648</subfield>
    <subfield code="d">2019-10-01</subfield>
    <subfield code="o">ANS KLO 2018 B648 Or.1</subfield>
    <subfield code="p">A44098</subfield>
    <subfield code="r">2019-10-01</subfield>
    <subfield code="w">2019-10-01</subfield>
    <subfield code="y">ANS</subfield>
  </datafield>
  <datafield tag="952" ind1=" " ind2=" ">
    <subfield code="0">0</subfield>
    <subfield code="1">0</subfield>
    <subfield code="2">ddc</subfield>
    <subfield code="4">0</subfield>
    <subfield code="6">ANS_KLO_2018_000000000000000_B648_OR_2</subfield>
    <subfield code="7">0</subfield>
    <subfield code="9">81829</subfield>
    <subfield code="a">LBB</subfield>
    <subfield code="b">LBB</subfield>
    <subfield code="c">B648</subfield>
    <subfield code="d">2019-10-01</subfield>
    <subfield code="o">ANS KLO 2018 B648 Or.2</subfield>
    <subfield code="p">A42916</subfield>
    <subfield code="r">2019-10-01</subfield>
    <subfield code="w">2019-10-01</subfield>
    <subfield code="y">ANS</subfield>
  </datafield>
  <datafield tag="952" ind1=" " ind2=" ">
    <subfield code="0">0</subfield>
    <subfield code="1">0</subfield>
    <subfield code="2">ddc</subfield>
    <subfield code="4">0</subfield>
    <subfield code="6">ANS_KLO_2018_000000000000000_B648_OR_3</subfield>
    <subfield code="7">0</subfield>
    <subfield code="9">81830</subfield>
    <subfield code="a">LBB</subfield>
    <subfield code="b">LBB</subfield>
    <subfield code="c">B648</subfield>
    <subfield code="d">2019-10-01</subfield>
    <subfield code="o">ANS KLO 2018 B648 Or.3</subfield>
    <subfield code="p">A42841</subfield>
    <subfield code="r">2019-10-01</subfield>
    <subfield code="w">2019-10-01</subfield>
    <subfield code="y">ANS</subfield>
  </datafield>
  <datafield tag="952" ind1=" " ind2=" ">
    <subfield code="0">0</subfield>
    <subfield code="1">0</subfield>
    <subfield code="2">ddc</subfield>
    <subfield code="4">0</subfield>
    <subfield code="6">ANS_KLO_2018_000000000000000_B648_OR_4</subfield>
    <subfield code="7">0</subfield>
    <subfield code="9">81831</subfield>
    <subfield code="a">LBB</subfield>
    <subfield code="b">LBB</subfield>
    <subfield code="c">B648</subfield>
    <subfield code="d">2019-10-01</subfield>
    <subfield code="o">ANS KLO 2018 B648 Or.4</subfield>
    <subfield code="p">A43162</subfield>
    <subfield code="r">2019-10-01</subfield>
    <subfield code="w">2019-10-01</subfield>
    <subfield code="y">ANS</subfield>
  </datafield>
  <datafield tag="952" ind1=" " ind2=" ">
    <subfield code="0">0</subfield>
    <subfield code="1">0</subfield>
    <subfield code="2">ddc</subfield>
    <subfield code="4">0</subfield>
    <subfield code="6">ANS_KLO_2018_000000000000000_B648_OR_1</subfield>
    <subfield code="7">0</subfield>
    <subfield code="9">81832</subfield>
    <subfield code="a">LBB</subfield>
    <subfield code="b">LBB</subfield>
    <subfield code="c">B648</subfield>
    <subfield code="d">2019-10-01</subfield>
    <subfield code="o">ANS KLO 2018 B648 Or.1</subfield>
    <subfield code="p">A44026</subfield>
    <subfield code="r">2019-10-01</subfield>
    <subfield code="w">2019-10-01</subfield>
    <subfield code="y">ANS</subfield>
  </datafield>
  <datafield tag="952" ind1=" " ind2=" ">
    <subfield code="0">0</subfield>
    <subfield code="1">0</subfield>
    <subfield code="2">ddc</subfield>
    <subfield code="4">0</subfield>
    <subfield code="6">ANS_KLO_2018_000000000000000_B648_OR_6</subfield>
    <subfield code="7">0</subfield>
    <subfield code="9">81833</subfield>
    <subfield code="a">LBB</subfield>
    <subfield code="b">LBB</subfield>
    <subfield code="c">B648</subfield>
    <subfield code="d">2019-10-01</subfield>
    <subfield code="o">ANS KLO 2018 B648 Or.6</subfield>
    <subfield code="p">A43659</subfield>
    <subfield code="r">2019-10-01</subfield>
    <subfield code="w">2019-10-01</subfield>
    <subfield code="y">ANS</subfield>
  </datafield>
</record>
